| 000 | 00000nam 2200000zi 4500 |
| 001 | 9.946747 |
| 003 | CaOODSP |
| 005 | 20250121091805 |
| 006 | m o d f |
| 007 | cr bn||||||||| |
| 008 | 250110s1965 oncad obfu f000 0 fre d |
| 040 | |aCaOODSP|bfre|erda|cCaOODSP |
| 043 | |an-cn--- |
| 086 | 1 |aNR24-28/1965-3F-PDF |
| 245 | 00|aRenseignements de construction pour le calcul des bâtiments au Canada 1965 : |bsupplément no 3 au Code national du bâtiment (Canada) / |cpublié par le Comité associé sur le Code national du bâtiment. |
| 246 | 10|aSupplément no 3 au Code national du bâtiment (Canada) |
| 264 | 1|aOttawa, Canada : |bConseil national de recherches, |c1965. |
| 300 | |a1 ressource en ligne (47 pages, 2 pages non numérotées) : |billustrations, graphiques |
| 336 | |atexte|btxt|2rdacontent/fre |
| 337 | |ainformatique|bc|2rdamedia/fre |
| 338 | |aressource en ligne|bcr|2rdacarrier/fre |
| 500 | |aTitre de la couverture. |
| 500 | |aPublié aussi en anglais sous le titre : Structural information for building design in Canada 1965 : supplement no. 3 to the National Building Code of Canada. |
| 504 | |aComprend des références bibliographiques. |
| 520 | |a« Le but du Supplément No 3 est de traiter plus en détails certaines données relatives au calcul des charpentes qui figurent dans le Code lui-même. La présente édition comprend des renseignements sur les charges dues au vent, à la neige, aux séismes, ainsi que sur la stabilité des bâtiments soumis à des contraintes de compression » -- Préface, page [1]. |
| 650 | 6|aConstruction|xDroit|zCanada|vCodes. |
| 650 | 6|aConstructions|xNormes|zCanada. |
| 650 | 6|aFacteur de charge|vGuides, manuels, etc. |
| 655 | 7|aGuides et manuels|2rvmgf |
| 710 | 2 |aConseil national de recherches Canada. |bComité associé sur le Code national du bâtiment, |eorganisme de publication. |
| 775 | 08|tStructural information for building design in Canada 1965 : |w(CaOODSP)9.946597 |
| 856 | 40|qPDF|s2.62 Mo|uhttps://publications.gc.ca/collections/collection_2025/cnrc-nrc/NR24-28-1965-3-fra.pdf |
| 986 | |a8331-F |